Stupid quiz - Statistics

General Stats
  • This quiz has been taken 41 times
  • The average score is 3 of 5
Answer Stats
Hint Answer % Correct
Quiz by Stopitpizza
94%
Eeery Eeery
61%
Qwerttggggg Qwerttggggg
58%
Nooooooooop Noooooooop
55%
Quiz is done Quiz is done
55%
No matching quizzes found
Score Distribution
Percent of People with Each Score
Percentile by Number Answered
Your Score History
You have not taken this quiz